[Event "St Petersburg-ch sf"]
[Site "St Petersburg"]
[Date "2013.02.02"]
[Round "8"]
[White "Reznik, Vladimir"]
[Black "Kitsis, Andrey"]
[Result "1-0"]
[WhiteElo "2105"]
[BlackElo "2181"]
[PlyCount "109"]
[EventDate "2013.01.26"]
[EventType "swiss"]
[EventRounds "9"]
[EventCountry "RUS"]
[SourceTitle "CBM 152 Extra"]
[Source "ChessBase"]
[SourceDate "2013.02.25"]
[SourceVersion "1"]
[SourceVersionDate "2013.02.25"]
[SourceQuality "1"]

1. d4 Nf6 2. c4 g6 3. Nc3 d5 4. cxd5 Nxd5 5. e4 Nxc3 6. bxc3 c5 7. Bc4 Bg7 8. Ne2 0-0 9. 0-0 cxd4 10. cxd4 Nc6 11. Be3 Na5 12. Bd3 Bg4 13. f3 Be6 14. Rc1 Bxa2 15. d5 Bb3 16. Qe1 b6 17. Qb4 e6 18. Nd4 Bxd4 19. Qxd4 f6 20. d6 e5 21. Qb4 Rf7 22. Rc3 Be6 23. Ba6 Qf8 24. f4 Rd8 25. fxe5 fxe5 26. Rxf7 Bxf7 27. Rd3 h6 28. Qd2 Nb3 29. Qd1 Nc5 30. Bxc5 bxc5 31. d7 c4 32. Rd6 Qe7 33. Bc8 Be6 34. h3 c3 35. Rc6 c2 36. Qxc2 Bxd7 37. Qa2+ Kf8 38. Qf2+ Ke8 39. Rxg6 Bxc8 40. Rg8+ Kd7 41. Qxa7+ Kd6 42. Qb6+ Kd7 43. Qb5+ Kc7 44. Qa5+ Kd7 45. Qa7+ Kd6 46. Qb6+ Kd7 47. Rg7 Qxg7 48. Qa7+ Kd6 49. Qxg7 Be6 50. Qxh6 Rc8 51. h4 Rc4 52. Qg6 Rc6 53. h5 Kc5 54. h6 Bc4 55. Qxc6+ 1-0

[Event "St Petersburg-ch sf"]
[Site "St Petersburg"]
[Date "2013.01.29"]
[Round "4"]
[White "Saveliev, Alexei"]
[Black "Kitsis, Andrey"]
[Result "1/2-1/2"]
[WhiteElo "2138"]
[BlackElo "2181"]
[PlyCount "81"]
[EventDate "2013.01.26"]
[EventType "swiss"]
[EventRounds "9"]
[EventCountry "RUS"]
[SourceTitle "CBM 152 Extra"]
[Source "ChessBase"]
[SourceDate "2013.02.25"]
[SourceVersion "1"]
[SourceVersionDate "2013.02.25"]
[SourceQuality "1"]

1. e4 e6 2. d4 d5 3. Nc3 Nf6 4. e5 Nfd7 5. f4 c5 6. Nf3 Nc6 7. Be3 a6 8. Qd2 b5 9. dxc5 Bxc5 10. Bd3 Qb6 11. Bf2 f6 12. exf6 Nxf6 13. Bxc5 Qxc5 14. 0-0-0 Bd7 15. Rhe1 0-0 16. h3 Na5 17. Ne5 b4 18. Nxd7 Nxd7 19. Na4 Qd6 20. g3 Nb7 21. Qe2 Nbc5 22. Nxc5 Nxc5 23. Qh5 Nxd3+ 24. Rxd3 Rfe8 25. Qe5 Qc6 26. Qd4 Rac8 27. Rd2 Qc5 28. Qxc5 Rxc5 29. Re5 g6 30. Rde2 Kf7 31. h4 a5 32. h5 Rcc8 33. Kd2 Rc6 34. Kd3 Rec8 35. g4 a4 36. hxg6+ hxg6 37. f5 gxf5 38. gxf5 a3 39. fxe6+ Ke7 40. bxa3 bxa3 41. Rxd5 1/2-1/2

[Event "St Petersburg-ch sf 85th"]
[Site "St Petersburg"]
[Date "2012.02.05"]
[Round "9.11"]
[White "Belenkaya, Dina"]
[Black "Kitsis, Andrey"]
[Result "1/2-1/2"]
[WhiteElo "2208"]
[BlackElo "2195"]
[PlyCount "84"]
[EventDate "2012.01.28"]
[EventType "swiss"]
[EventRounds "9"]
[EventCountry "RUS"]
[SourceTitle "CBM 146 Extra"]
[Source "ChessBase"]
[SourceDate "2012.02.29"]
[SourceVersion "1"]
[SourceVersionDate "2012.02.29"]
[SourceQuality "1"]

1. e4 e6 2. d4 d5 3. Nd2 Nf6 4. e5 Nfd7 5. Bd3 c5 6. c3 Nc6 7. Ne2 cxd4 8. cxd4 Qb6 9. Nf3 f6 10. exf6 Nxf6 11. 0-0 Bd6 12. Bf4 Qc7 13. Qd2 0-0 14. Rae1 Bxf4 15. Qxf4 Qxf4 16. Nxf4 Ne4 17. g3 h6 18. h4 g5 19. hxg5 hxg5 20. Bxe4 gxf4 21. Bb1 fxg3 22. fxg3 Bd7 23. Rf2 Rf6 24. Ne5 Rxf2 25. Kxf2 Nxe5 26. Rxe5 Rf8+ 27. Kg2 Rc8 28. Bd3 Rc1 29. Kf2 Rd1 30. Ke3 Re1+ 31. Kf4 Rd1 32. Ke3 Re1+ 33. Be2 Rb1 34. Kf4 Rxb2 35. Kg5 Kg7 36. Bg4 Rg2 37. Bxe6 Bxe6 38. Rxe6 Rxg3+ 39. Kf4 Rh3 40. Re7+ Kf6 41. Rxb7 Rd3 42. Rxa7 Rxd4+ 1/2-1/2

[Event "St Petersburg-ch sf 85th"]
[Site "St Petersburg"]
[Date "2012.01.31"]
[Round "4.12"]
[White "Gorjunov, Sergey"]
[Black "Kitsis, Andrey"]
[Result "0-1"]
[WhiteElo "2088"]
[BlackElo "2195"]
[PlyCount "76"]
[EventDate "2012.01.28"]
[EventType "swiss"]
[EventRounds "9"]
[EventCountry "RUS"]
[SourceTitle "CBM 146 Extra"]
[Source "ChessBase"]
[SourceDate "2012.02.29"]
[SourceVersion "1"]
[SourceVersionDate "2012.02.29"]
[SourceQuality "1"]

1. c4 Nf6 2. Nc3 d5 3. cxd5 Nxd5 4. g3 g6 5. Bg2 Nxc3 6. bxc3 Bg7 7. Rb1 c6 8. Nf3 0-0 9. 0-0 e5 10. Qc2 Qe7 11. d3 Re8 12. Be3 Nd7 13. Nd2 Nf6 14. Nb3 Qc7 15. a4 h5 16. a5 h4 17. Nc5 hxg3 18. fxg3 Ng4 19. Bd2 b6 20. Ne4 Bf5 21. h3 Bxe4 22. Bxe4 Nf6 23. Bf3 Rab8 24. Qa4 b5 25. Qa2 a6 26. Kg2 Re6 27. c4 Rbe8 28. cxb5 cxb5 29. Rbc1 Qd7 30. Bc3 e4 31. dxe4 Nxe4 32. Bxg7 Kxg7 33. Qc2 Ng5 34. Rcd1 Rxe2+ 35. Bxe2 Qxh3+ 36. Kf2 Ne4+ 37. Ke3 Nxg3+ 38. Kd4 Nxe2+ 0-1

[Event "St Petersburg-ch sf 85th"]
[Site "St Petersburg"]
[Date "2012.01.29"]
[Round "2.10"]
[White "Martynov, Pavel1111"]
[Black "Kitsis, Andrey"]
[Result "1-0"]
[WhiteElo "2237"]
[BlackElo "2195"]
[PlyCount "39"]
[EventDate "2012.01.28"]
[EventType "swiss"]
[EventRounds "9"]
[EventCountry "RUS"]
[SourceTitle "CBM 146 Extra"]
[Source "ChessBase"]
[SourceDate "2012.02.29"]
[SourceVersion "1"]
[SourceVersionDate "2012.02.29"]
[SourceQuality "1"]

1. e4 e6 2. d4 d5 3. Nd2 c5 4. exd5 Qxd5 5. dxc5 Bxc5 6. Ngf3 Nf6 7. Bc4 Qd6 8. Qe2 Nc6 9. 0-0 0-0 10. Ne4 Nxe4 11. Qxe4 Nd4 12. Nxd4 Bxd4 13. c3 Be5 14. h3 Qc7 15. Rd1 Rb8 16. Bd3 g6 17. Bh6 Rd8 18. Bb5 Rxd1+ 19. Rxd1 a6 20. Qxe5 1-0

[Event "St Petersburg Blockade op"]
[Site "St Petersburg"]
[Date "2012.01.07"]
[Round "5"]
[White "Safronov, Kirill"]
[Black "Kitsis, Andrey"]
[Result "1/2-1/2"]
[WhiteElo "1975"]
[BlackElo "2195"]
[PlyCount "118"]
[EventDate "2012.01.03"]
[EventType "swiss"]
[EventRounds "9"]
[EventCountry "RUS"]
[SourceTitle "EXT 2014"]
[Source "ChessBase"]
[SourceDate "2013.11.20"]
[SourceVersion "1"]
[SourceVersionDate "2013.11.20"]
[SourceQuality "1"]

1. e4 e6 2. d4 d5 3. Nd2 c5 4. c3 Nc6 5. Ngf3 cxd4 6. cxd4 Nf6 7. Bd3 Bb4 8. e5 Ne4 9. 0-0 Bxd2 10. Bxd2 Qb6 11. Rb1 Bd7 12. Be3 Nb4 13. Bxe4 dxe4 14. Ng5 Bb5 15. d5 Qa6 16. dxe6 fxe6 17. Qb3 Bxf1 18. Nxe6 Qc4 19. Rxf1 Qxb3 20. axb3 Nd5 21. Bd4 Kf7 22. Ng5+ Kg6 23. Nxe4 Nf4 24. Kh1 b6 25. Nd6 Rad8 26. g3 Ne6 27. Bc3 Rxd6 28. exd6 Nc5 29. b4 Ne4 30. Be5 Kf5 31. f4 Rd8 32. Kg2 g5 33. Rd1 g4 34. Kf1 a5 35. bxa5 bxa5 36. Ke2 Nc5 37. Ke3 Nd7 38. Bc3 Re8+ 39. Kf2 a4 40. Re1 Rc8 41. Re7 Nc5 42. Rc7 Ne4+ 43. Kf1 Nxd6 44. Rxc8 Nxc8 45. Ke2 Ke4 46. Kd2 Nb6 47. Bg7 Nd5 48. f5 Kxf5 49. Kd3 h5 50. Bd4 Nc7 51. Bb6 Nd5 52. Ba7 Ke5 53. Bb8+ Ke6 54. Ke4 Nf6+ 55. Kf4 Nd5+ 56. Kg5 Ne3 57. Ba7 Nf1 58. Bg1 Nd2 59. Kxh5 Kf5 1/2-1/2